000
00327nam a22001457a 4500
020
_a
978-93-82116-31-8
082
_a
894.812.3
_b
HUG/J
100
_a
HUGO,VICTOR
245
_a
JEENVALJEEN
250
_a
FOURTH
260
_a
THRISSUR
_b
H&C PUBLISHING HOUSE
_c
2012
300
_a
128
650
_a
SHORT STORY
_z
KERALA
942
_c
BK
999
_c
1368
_d
1368